00395nam a2200133Ia 4500003000400000008004100004020002600045040000800071100002600079245010600105260002900211300001000240365001100250LDD181029s9999 xx 000 0 und d a9788180692680c600.00 cLDD aMarwaha, Sonali Bhatt 0aColors of truthbreligion, self and emotionsbperspectives of Hinduism, BuddismcSonali Bhatt Marwaha aNew DelhibConceptc2006 a319p. b600.00